Atlas of mammography / (Record no. 141274)
[ view plain ]
| 000 -LEADER | |
|---|---|
| fixed length control field | 01352nam a22002417a 4500 |
| 005 - DATE AND TIME OF LATEST TRANSACTION | |
| control field | 20260624180946.0 |
| 008 - FIXED-LENGTH DATA ELEMENTS--GENERAL INFORMATION | |
| fixed length control field | 260624m20071989|||||||| |||| 00| 0 eng d |
| 020 ## - INTERNATIONAL STANDARD BOOK NUMBER | |
| International Standard Book Number | 9780781764339 |
| 040 ## - CATALOGING SOURCE | |
| Transcribing agency | PK-LaUMT |
| 082 ## - DEWEY DECIMAL CLASSIFICATION NUMBER | |
| Classification number | 616.9944907572 |
| Item number | PAR-A |
| 100 1# - MAIN ENTRY--PERSONAL NAME | |
| Personal name | Paredes, Ellen Shaw De |
| 245 10 - TITLE STATEMENT | |
| Title | Atlas of mammography / |
| Statement of responsibility, etc | Ellen Shaw De Paredes |
| 250 ## - EDITION STATEMENT | |
| Edition statement | 3rd ed. |
| 260 ## - PUBLICATION, DISTRIBUTION, ETC. (IMPRINT) | |
| Place of publication, distribution, etc | Philadelphia : |
| Name of publisher, distributor, etc | Wolters Kluwer, |
| Date of publication, distribution, etc | 2007 |
| 300 ## - PHYSICAL DESCRIPTION | |
| Extent | viii, 691 p. |
| 500 ## - GENERAL NOTE | |
| General note | Includes bibliographical references and index. |
| 520 ## - SUMMARY, ETC. | |
| Summary, etc | Featuring over 1,500 mammographic images, this atlas is a comprehensive guide to interpreting mammograms. It presents the full spectrum of manifestations of breast diseases, as well as cases involving the postsurgical and augmented breast. Chapters are organized according to the pattern seen on the mammogram to develop readers' pattern recognition skills and to allow quick and complete definition of etiologies and clinical implications for a particular finding. This edition includes new chapters on the augmented breast, the role of ultrasound and MRI in breast imaging, and imaging-guided breast interventions. The terminology of the BI-RADS(R) lexicon is used throughout |
| 546 ## - LANGUAGE NOTE | |
| Language note | Eng |
| 650 ## - SUBJECT ADDED ENTRY--TOPICAL TERM | |
| Topical term or geographic name as entry element | Breast Cancer Diagnosis |
| 650 ## - SUBJECT ADDED ENTRY--TOPICAL TERM | |
| Topical term or geographic name as entry element | Mammography |
| 650 ## - SUBJECT ADDED ENTRY--TOPICAL TERM | |
| Topical term or geographic name as entry element | radiography |
| 942 ## - ADDED ENTRY ELEMENTS (KOHA) | |
| Koha item type | Books |
| Withdrawn status | Lost status | Damaged status | Home library | Current library | Date acquired | Full call number | Barcode | Date last seen | Price effective from | Koha item type | Copy number |
|---|---|---|---|---|---|---|---|---|---|---|---|
| UMT Health Sciences Campus | UMT Health Sciences Campus | 2026-06-24 | 616.9944907572 PAR-A | 153226 | 2026-06-24 | 2026-06-24 | Books | ||||
| UMT Health Sciences Campus | UMT Health Sciences Campus | 2026-06-24 | 616.9944907572 PAR-A | 153227 | 2026-06-24 | 2026-06-24 | Books | C.2 | |||
| UMT Health Sciences Campus | UMT Health Sciences Campus | 2026-06-24 | 616.9944907572 PAR-A | 153228 | 2026-06-24 | 2026-06-24 | Books | C.3 | |||
| UMT Health Sciences Campus | UMT Health Sciences Campus | 2026-06-24 | 616.9944907572 PAR-A | 153224 | 2026-06-24 | 2026-06-24 | Books | C.4 | |||
| UMT Health Sciences Campus | UMT Health Sciences Campus | 2026-06-24 | 616.9944907572 PAR-A | 153229 | 2026-06-24 | 2026-06-24 | Books | C.5 | |||
| UMT Health Sciences Campus | UMT Health Sciences Campus | 2026-06-24 | 616.9944907572 PAR-A | 153225 | 2026-06-24 | 2026-06-24 | Books | C.6 | |||
| UMT Health Sciences Campus | UMT Health Sciences Campus | 2026-06-24 | 616.9944907572 PAR-A | 153230 | 2026-06-24 | 2026-06-24 | Books | C.7 | |||
| UMT Health Sciences Campus | UMT Health Sciences Campus | 2026-06-24 | 616.9944907572 PAR-A | 153231 | 2026-06-24 | 2026-06-24 | Books | C.8 | |||
| UMT Health Sciences Campus | UMT Health Sciences Campus | 2026-06-24 | 616.9944907572 PAR-A | 153232 | 2026-06-24 | 2026-06-24 | Books | C.9 | |||
| UMT Health Sciences Campus | UMT Health Sciences Campus | 2026-06-24 | 616.9944907572 PAR-A | 153233 | 2026-06-24 | 2026-06-24 | Books | C.10 |
